0 a 100 en Orden Alfabético - Estadísticas

Estadísticas generales
  • Esta prueba ha sido intentada 88 veces
  • La puntuación promedio es 50 de 101
Estadísticas de respuestas
Número % Correcto
catorce
93%
cero
62%
cien
60%
cinco
58%
cincuenta
56%
cincuenta y cinco
56%
cincuenta y cuatro
56%
cincuenta y dos
56%
cincuenta y nueve
56%
cincuenta y ocho
56%
cincuenta y seis
56%
cincuenta y siete
56%
cincuenta y tres
56%
cincuenta y uno
56%
cuarenta
53%
cuarenta y cinco
53%
cuarenta y cuatro
53%
cuarenta y dos
53%
cuarenta y nueve
53%
cuarenta y ocho
53%
cuarenta y seis
53%
cuarenta y siete
53%
cuarenta y tres
53%
cuarenta y uno
53%
cuatro
51%
diecinueve
49%
dieciocho
49%
dieciséis
49%
diecisiete
49%
diez
49%
doce
49%
dos
49%
noventa
49%
noventa y cinco
49%
noventa y cuatro
49%
noventa y dos
49%
noventa y nueve
49%
noventa y ocho
49%
noventa y seis
49%
noventa y siete
49%
nueve
49%
ochenta
49%
ochenta y cinco
49%
ochenta y cuatro
49%
ochenta y dos
49%
ochenta y nueve
49%
ochenta y ocho
49%
ochenta y seis
49%
ochenta y siete
49%
ochenta y tres
49%
ochenta y uno
49%
ocho
49%
sesenta
49%
noventa y tres
47%
noventa y uno
47%
once
47%
seis
47%
sesenta y cinco
47%
sesenta y cuatro
47%
sesenta y dos
47%
sesenta y nueve
47%
sesenta y ocho
47%
sesenta y seis
47%
sesenta y siete
47%
sesenta y tres
47%
sesenta y uno
47%
setenta
47%
setenta y cinco
47%
setenta y cuatro
47%
setenta y dos
47%
setenta y nueve
47%
setenta y ocho
47%
setenta y seis
47%
setenta y siete
47%
setenta y tres
47%
setenta y uno
47%
siete
47%
trece
47%
treinta
47%
treinta y cinco
47%
treinta y cuatro
47%
treinta y dos
47%
treinta y nueve
47%
treinta y ocho
47%
treinta y seis
47%
treinta y siete
47%
treinta y tres
47%
treinta y uno
47%
veinte
47%
tres
44%
veinticinco
44%
veinticuatro
44%
veintidós
44%
veintinueve
44%
veintiocho
44%
veintiséis
44%
veintisiete
44%
veintitrés
44%
veintiuno
44%
quince
42%
uno
42%
No se encontraron pruebas coincidentes
Distribución de puntuación
Porcentaje de gente con cada puntuación
Porcentaje por número respondido
Historial de tus puntuaciones
No has intentado esta prueba.